01885nim a2200337 i 4500003001000000005001700010007001000027008004100037020001800078040003500096041001300131082002100144100003400165245010500199246002500304250001800329264006400347300004900411336005600460337002300516338003100539520063000570521005901200546005801259650005601317650004601373650002101419650003201440650003801472700003701510CO-BoRNBP20230508202923.0vd cvadzs21 s2009 ck 125 b |||| |0| mcmul d a7506036008483 aCO-BoRNBPbspaerdacCO-BoRNBP1 ajpnhspa04a791.43bM39i2221 aMiyazaki, Hayaod1941-eautor13aEl increible castillo vagabundocguión y dirección de Hayao Miyazaki ; música de Joe Hisaishi33aHowl's Moving Castle a1a. edición 1aMéxico, MéxicobZima EnterteinmentbStudio Ghiblic2010 a1 DVD (119 minutos)bestéreo, colorc19 cm 2rdacontentaimagen bidimensional en movimientobtdi 2rdamediaavideobv 2rdacarrieravideodiscobvd03a"En un mundo mágico, la pequeña Sophie -quien hace sombreros en la tienda que su padre le heredó- se encuentra con un hechicero llamado Howl. Pero una malvada bruja, en un ataque de celos, hace caer una maldición sobre Sophie, transformándola en una viejita. desesperada, Sophie abandona su casa y vaga triste sin rumbo fijo, cuando de pronto se encuentra con el Castillo Vagabundo de Howl, el Hechicero. Escondiendo su verdadera identidad, entra en el castillo como ama de llaves ¿Qué aventuras mágicas le esperan a Sophie con este hechicero en el increible viaje del castillo vagabundo?" Tomado del estuche  aRecomendado para público infantil mayor de 6 años  aPelícula en japonés con subtítulos en español17aPelículas cinematográficas japonesasvDVD2LEMB17aPelículas animadas japonesasvDVD2LEMB17aMagiavDVD2LEMB17aDibujos animadosvDVD2LEMB17aHistorias de aventurasvDVD2LEMB1 aHisaishi, Joed1950-ecompositor